Sans serif display alphabets

Uloženo v:
Podrobná bibliografie
Hlavní autor: Solo, Dan X (Autor)
Médium: Kniha
Jazyk:angličtina
Vydáno: Nueva York Dover 1979
Edice:Dover Pictorical Archive Series
Témata:
Tagy: Přidat tag
Žádné tagy, Buďte první, kdo vytvoří štítek k tomuto záznamu!

MARC

LEADER 00000nam a2200000 a 4500
001 UCO4579
003 CL-VaPUC
008 000804e19790000US |||||||||||||||||eng|d
082 0 4 |a 745.619  |b SOL  |2 21 
100 0 |a Solo, Dan X  |e author  |9 449168 
245 1 0 |a Sans serif display alphabets 
300 |a 100 p 
942 |c BK 
945 |d 20000804 00:00:00  |a crobeson 
260 |a Nueva York  |b Dover  |c 1979 
500 |a Contiene 100 alfabetos completos 
650 7 |a CALIGRAFIA  |2 CL-VaPUC  |9 449169 
650 0 |a Letras  |9 352290 
650 0 |a Tipografía  |9 266998 
583 |a last modification  |c 20000804 00:00:00  |k Rodrigo Vera 
490 0 |a Dover Pictorical Archive Series 
999 |c 290609  |d 290607 
952 |0 0  |1 0  |4 0  |6 745_619000000000000_SOL_1979  |7 0  |8 R  |9 340127  |a BIBART  |b BIBART  |d 2019-11-20  |i 121439K  |o 745.619 SOL 1979  |p 121439K  |r 2025-03-13  |w 2019-11-20  |y BK_R  |k ART